Quizzes
Events
Quiz Creation
Community
Videos
Private Events
Remove Ads
Sign In
Join for FREE
Feedback
Dark Mode
Quiz Categories
Sports
Geography
Music
Movies
Television
Just For Fun
Miscellaneous
History
Literature
Language
Science
Gaming
Entertainment
Religion
Holiday
For Kids
Quiz Lab
Recent
Popular Today
Quiz Kudos Today
Editor Picks
Curator Picks
Quizzes by...
Day
Popularity
Type
Ratings
Length
Year
Community
Subscriptions
Recent Discussions
Orange Saloon
Badges
Playlists
Quests
Create
Leaderboards
Showdown
Live 5
Trivia Bingo
Activity
Puzzle Library
Sporcle Events
Private Events
Virtual Trivia
Globe League
Become a Host
Pub Owners
SporcleCon
Opinionation
Our Games
Videos
Blog
Mobile Apps
Partnerships
Remove Ads and Go Orange
Feedback
Television
TV Characters
TV Show
Sitcom
Network
Friends
Reality Shows
Cast
South Park
Star Trek
The Simpsons
Doctor Who
Television
TV Characters
TV Show
Sitcom
Network
Friends
Reality Shows
Cast
South Park
Star Trek
The Simpsons
Doctor Who
Random Quiz
Search Sporcle
×
Quiz Lab
Quiz Lab
Television
household
Type in answers that appear in a list
Type in answers that appear in a list
Classic
Best Score? Go Orange.
Big Brother HoH Winners Stats
Can you name the Can you name all the Head Of Household Winners?
By
Conn
13m
77 Questions
172 Plays
172 Plays
172 Plays
Comments
Comments
Give Quiz Kudos
Give Quiz Kudos
-
- Ratings
hide this ad
Replay
Link that replays current quiz
Next Quiz
Link to next quiz in quiz playlist
You Got
0%
They Got
Avg Score
75%
Avg Friend Score
Upgrade to see
Score Distribution
Jump to the score distribution portion of the page
Score
0/77
Timer
13:00
0
Plays Today
Season
Person
% Correct
Big Brother 10
Dan
92.4%
Big Brother 2 and Big Brother 7
Mike
90.7%
Big Brother 6 and Big Brother 7
Janelle
90.7%
Big Brother 6
Rachel
90.1%
Big Brother 11
Jordan
90.1%
Big Brother 12
Rachel
90.1%
Big Brother 11
Jeff
89.5%
Big Brother 8
Dick
88.4%
Big Brother 5
Nakomis
87.2%
Big Brother 7
James
86%
Big Brother 9
James
86%
Big Brother 12
Hayden
86%
Big Brother 9
Natalie
85.5%
Big Brother 10 and Big Brother 11
Jessie
85.5%
Big Brother 11
Natalie
85.5%
Big Brother 3 and Big Brother 7
Danielle
84.9%
Big Brother 6
April
84.9%
Big Brother 8
Jen
84.9%
Big Brother 10
April
84.9%
Big Brother 8
Daniele
84.3%
Big Brother 12
Matt
84.3%
Big Brother 12
Brendon
83.7%
Big Brother 12
Britney
82.6%
Big Brother 5
Drew
82%
Big Brother 11
Russell
82%
Big Brother 6
Eric
81.4%
Big Brother 10
Jerry
81.4%
Big Brother 12
Lane
81.4%
Big Brother 6
Howie
80.8%
Big Brother 9
Adam
80.8%
Big Brother 6 and Big Brother 7
Kaysar
80.2%
Big Brother 11
Kevin
80.2%
Big Brother 5 and Big Brother 7
Jase
78.5%
Big Brother 10
Michelle
78.5%
Big Brother 11
Chima
78.5%
Big Brother 11
Ronnie
78.5%
Big Brother 4 and Big Brother 7
Erika
77.9%
Big Brother 4
Jun
77.9%
Big Brother 10
Keesha
77.3%
Season
Person
% Correct
Big Brother 10
Renny
77.3%
Big Brother 11
Michele
76.7%
Big Brother 6
Maggie
76.2%
Big Brother 9
Ryan
76.2%
Big Brother 3
Lisa
75.6%
Big Brother 3
Marcellas
75.6%
Big Brother 4
Alison
75.6%
Big Brother 6
Ivette
74.4%
Big Brother 8
Zach
74.4%
Big Brother 8
Jessica
74.4%
Big Brother 2
Hardy
72.7%
Big Brother 3
Amy
71.5%
Big Brother 2
Nicole
69.2%
Big Brother 4
Jee
69.2%
Big Brother 6
Beau
69.2%
Big Brother 7
George
69.2%
Big Brother 3
Jason
68.6%
Big Brother 8
Kail
68.6%
Big Brother 6
Jennifer
68%
Big Brother 9
Sheila
66.3%
Big Brother 9
Chelsia
66.3%
Big Brother 8
Dustin
65.7%
Big Brother 9
Sharon
65.7%
Big Brother 2
Monica
65.1%
Big Brother 5
Adria
64.5%
Big Brother 9
Josh
64.5%
Big Brother 2
Kent
62.2%
Big Brother 3
Roddy
62.2%
Big Brother 4
Robert
61%
Big Brother 9
Amanda
61%
Big Brother 4
Justin
60.5%
Big Brother 5
Marvin
60.5%
Big Brother 4
Nathan
59.9%
Big Brother 2
Krista
59.3%
Big Brother 3
Chiara
58.7%
Big Brother 9
Alex
57.6%
Big Brother 4
Dana
57%
Big Brother 3
Gerry
56.4%
Quiz Playlist
Details
Report
Send in Message
Add To Playlist
Classic:
Type in answers that appear in a list
Last Updated: Feb 16, 2017
Quiz Scoreboard
CHALLENGE
Sign Up to Join the Scoreboard
Show All
Scores
Hide
Comments
May contain spoilers
Recently Published
1-10 Letter E Words III
by El_Dandy
Language
2m
One Thing in Common: World Cities II
by knightlancer
Geography
7m
Popular People in 1961
by mucciniale
History
6m
More to Explore
Quiz From the Vault
Featured Blog Post
Where Did the Easter Bunny Come From?
hide this ad
You Might Also Like...
Tags
Brother
household
Person
season
Winner
Today's Top Quizzes in Television
Browse Television
hide this ad
Today's Top Quizzes in household
Browse household
Top Contributed Quizzes in Television
1
One Piece Logic Puzzle
2
Survivor Logic Puzzle: Heroes vs. Villains
3
Survivor Seasons
4
Survivor Season by Logo
5
Ultimate Survivor Logic Puzzle
6
Survivor Logic Puzzle: Winners at War
7
Survivor Trivia
8
Survivor Heroes vs. Villains Logic Puzzle
9
All US Survivor Seasons in Order
10
Emmerdale Characters (from August 2012)
Explore More
Trending Topics
Harry Potter
Disney
Marvel
Kpop
NBA
Anime
Crossword
Pokémon
Song
Soccer
Country
Puzzle
WWE
NFL
The Office
hide this ad
More By:
Conn
Quiz
Plays
Rating
Category
Featured
Created
Big Brother HoH Winners
172
Television
Jun 27, 2011
Go to Creator's Profile
Score Distribution
Quiz Creator Spotlight
Conn
Follow
Send a Message
Quizzes Created
-
Created Quiz Play Count
-
More By This Creator
Popular Quizzes Today
1
Find the US States - No Outlines Minefield
2
The Countries of the World
3
Popular People in 1961
4
Find the Countries of Europe - No Outlines Minefield
5
1-10 Letter E Words III
6
Find the US States
7
One Thing in Common: World Cities II
8
US States
More Television Quizzes
Crossover Click: The Simpsons
Editor's Pick
Trending Quizzes
1-10 Letter F Words
One Thing in Common: Music
1-10 Letter G Words
Risky Map Clicking: Next State Alphabetically
1-10 Letter F Words II
Recently Updated
Leaping Animals
pecheneg
Reality TV Shows (A-Z)
bhenderson79
Rickey Henderson's Hall of Fame Teammates
pecheneg
Champions League XIs: Arsenal
pecheneg
Quick Pick: Celebrities in WWE's Hall of Fame
aduchscher
A-Z Keypad Blitz II
pecheneg
Multiple Oscar Actors
pecheneg
Mystery Phrase Blitz: Oscar 'Best Actors'
pecheneg
F. Scott Fitzgerald Novels
LTH
Pick 3 Villains
ddd62291
Trending Topics
Kpop
Crossword
NBA
Anime
Disney
Harry Potter
Marvel
Puzzle
WWE
Song
Country
NFL
Soccer
The Office
Pokémon
Your Account Isn't Verified!
In order to create a playlist on Sporcle, you need to verify the email address you used during registration. Go to your
Sporcle Settings
to finish the process.
Report this User
Report this user for behavior that violates our
Community Guidelines
.
Details:
Send Report
Go to the Sporcle.com Mobile Site →
Comments